| 000 | 00693nam a2200229Ia 4500 | ||
|---|---|---|---|
| 003 | GCL | ||
| 008 | 140319s9999 xx 000 0 ara d | ||
| 040 |
_aGCL / _cGCL |
||
| 082 | 0 | 4 |
_a811.6 _bف ا |
| 100 | 1 | _aفوزى سعد عيسى | |
| 245 | 1 | 0 |
_aابن زهر الحفيد وشاح الاندلس / _cفوزى سعد عيسى |
| 260 |
_a[S.N] : _bمنشاة المعارف الاسلامية |
||
| 300 | _a213 ص | ||
| 490 | _a | ||
| 650 | 0 | 4 | _aالشعر العربى |
| 650 | 0 | 4 | _aالادب العربى |
| 650 | 0 | 4 | _aدواوين وقصائد |
| 650 | 0 | 4 | _aالموشحات الاندلسية |
| 650 | 0 | 4 | _aابن زهر |
| 650 | 0 | 4 | _aتاريخ ونقد |
| 942 |
_2ddc _cBK |
||
| 999 |
_c32482 _d32482 |
||